Signals and noise in communication systems / (Record no. 182830)
[ view plain ]
| 000 -LEADER | |
|---|---|
| fixed length control field | 00706 a2200181 4500 |
| 003 - CONTROL NUMBER IDENTIFIER | |
| control field | NUST |
| 005 - DATE AND TIME OF LATEST TRANSACTION | |
| control field | 20230727090023.0 |
| 040 ## - CATALOGING SOURCE | |
| Transcribing agency | Nust |
| 082 ## - DEWEY DECIMAL CLASSIFICATION NUMBER | |
| Classification number | 621.3822,ROW |
| 100 ## - MAIN ENTRY--PERSONAL NAME | |
| Personal name | Rowe, Harrison E |
| 9 (RLIN) | 59624 |
| 245 ## - TITLE STATEMENT | |
| Title | Signals and noise in communication systems / |
| Statement of responsibility, etc. | Rowe, Harrison E |
| 260 ## - PUBLICATION, DISTRIBUTION, ETC. | |
| Place of publication, distribution, etc. | Van Nostrand |
| Name of publisher, distributor, etc. | Princeton, N.J |
| Date of publication, distribution, etc. | 1965 |
| 300 ## - PHYSICAL DESCRIPTION | |
| Extent | xii, 341 p.; |
| Other physical details | illus |
| Dimensions | 24 cm |
| 505 ## - FORMATTED CONTENTS NOTE | |
| Formatted contents note | Introduction (Page-1), Representation of Signal and Noise (Page-4), Amplitude Modulation and Related Systems (Page-57), Frequency and Phase Modulation (Page-98), Pulse Modulation Systems (Page-216). |
| 600 ## - SUBJECT ADDED ENTRY--PERSONAL NAME | |
| Personal name | Rowe, Harrison E |
| 9 (RLIN) | 59624 |
| 650 ## - SUBJECT ADDED ENTRY--TOPICAL TERM | |
| Topical term or geographic name entry element | Telecommunication engineering |
| 942 ## - ADDED ENTRY ELEMENTS (KOHA) | |
| Source of classification or shelving scheme | |
| Koha item type | Book |
| Call number prefix | 621.3822,ROW |
| Withdrawn status | Lost status | Source of classification or shelving scheme | Damaged status | Not for loan | Permanent Location | Current Location | Shelving location | Date acquired | Full call number | Barcode | Date last seen | Price effective from | Koha item type | Public note |
|---|---|---|---|---|---|---|---|---|---|---|---|---|---|---|
| Military College of Signals (MCS) | Military College of Signals (MCS) | General Stacks | 12/12/2016 | 621.3822,ROW | MCS20817 | 12/08/2016 | 12/12/2016 | Book | Almirha No 83, Shelf No 3 |
